000 00319nam a22001457a 4500
008 210312b ||||| |||| 00| 0 eng d
020 _a0397541740
041 _aeng
080 _a61
082 _a61
100 _a3
101 _aSHM
245 _aFundamentals Skill in Patient Care
_cLewis,W.V.L
942 _2udc
_cBK
999 _c56530
_d56530